000 00400nam a2200169Ia 4500
999 _c24651
_d24651
008 141014s9999||||xx |||||||||||||| ||und||
010 _a24501
020 _aS/ISBN
040 _aANE
041 _aEs
082 _a346 E56 VI
100 _aEnneccerus, Ludwin
245 _aTratado de derecho civil
250 _aS/E
260 _aBarcelona, EspaƱa
_cS/A
_bBosch S.A.
300 _a591 p
_c24 cm
650 _aDerecho
942 _cBK
_2ddc
_zNr.